Stress : (Record no. 6939)
[ view plain ]
| 000 -LEADER | |
|---|---|
| fixed length control field | 01189cac a22002771u 4500 |
| 090 ## - LOCALLY ASSIGNED LC-TYPE CALL NUMBER (OCLC); LOCAL CALL NUMBER (OCLC) | |
| -- | 6939 |
| 008 - FIXED-LENGTH DATA ELEMENTS--GENERAL INFORMATION | |
| fixed length control field | 081106t2004 xxu||||| |||| 00| 0 eng d |
| 010 ## - LIBRARY OF CONGRESS CONTROL NUMBER | |
| LC control number | 2003023501 |
| 020 ## - INTERNATIONAL STANDARD BOOK NUMBER | |
| International Standard Book Number | 1405107448 (alk. paper) |
| 020 ## - INTERNATIONAL STANDARD BOOK NUMBER | |
| International Standard Book Number | 1405107456 (pbk : alk. paper) |
| 082 00 - DEWEY DECIMAL CLASSIFICATION NUMBER | |
| Classification number | 155.904209 |
| Item number | COO |
| 100 ## - MAIN ENTRY--PERSONAL NAME | |
| Personal name | Cooper, Cary L. |
| 245 10 - TITLE STATEMENT | |
| Title | Stress : |
| Remainder of title | a brief history / |
| Statement of responsibility, etc | Cary L. Cooper and Philip Dewe. |
| 260 ## - PUBLICATION, DISTRIBUTION, ETC. (IMPRINT) | |
| Place of publication, distribution, etc | Malden, MA : |
| Name of publisher, distributor, etc | Blackwell Pub., |
| Date of publication, distribution, etc | c.2004. |
| 300 ## - PHYSICAL DESCRIPTION | |
| Extent | xi, 144 p. ; |
| Dimensions | 23 cm. |
| 440 #0 - | |
| -- | Blackwell brief histories of psychology ; |
| -- | 1 |
| 500 ## - GENERAL NOTE | |
| General note | Distributer: Al-Ahram. |
| 504 ## - BIBLIOGRAPHY, ETC. NOTE | |
| Bibliography, etc | Includes bibliographical references (p. [120]-136) and index. |
| 505 0# - FORMATTED CONTENTS NOTE | |
| Formatted contents note | From early beginnings to the 20th century -- The 20th century -- From the 1950s to Richard Lazarus -- The work of Richard Lazarus -- Work stress and occupational health psychology. |
| 511 ## - PARTICIPANT OR PERFORMER NOTE | |
| Participant or performer note | Catalogued By: Mahitab. |
| 650 #0 - SUBJECT ADDED ENTRY--TOPICAL TERM | |
| Topical term or geographic name as entry element | Stress (Psychology) |
| General subdivision | Research |
| -- | Methodology |
| -- | History. |
| 700 1# - ADDED ENTRY--PERSONAL NAME | |
| Personal name | Dewe, Philip. |
| 856 41 - ELECTRONIC LOCATION AND ACCESS | |
| Materials specified | Table of contents |
| Uniform Resource Identifier | <a href="http://www.loc.gov/catdir/toc/ecip0410/2003023501.html">http://www.loc.gov/catdir/toc/ecip0410/2003023501.html</a> |
| 942 ## - ADDED ENTRY ELEMENTS (KOHA) | |
| Item type | Book - Borrowing |
| Call number prefix | 155.904209COO |
| Source of classification or shelving scheme | Dewey Decimal Classification |
| Withdrawn status | Item status | Damaged status | Not for loan | Home library | Current library | Shelving location | Date acquired | Source of acquisition | Total Checkouts | Total Renewals | Full call number | Barcode | Date last seen | Date last borrowed | Koha item type |
|---|---|---|---|---|---|---|---|---|---|---|---|---|---|---|---|
| Central Library | Central Library | Lower Floor | 07/12/2010 | Purchase | 5 | 5 | 155.904209COO | 000008530 | 15/07/2025 | 22/04/2021 | Book - Borrowing |